Statistiques concernant Les personnages de Kingdom Hearts 1

Cliquez ici pour prendre le quiz!

Statistiques générales

  • Ce quiz a été pris 170 fois
  • Le résultat moyen est 62 sur 94

Statistiques - réponses

HintRéponse% Correct
Alice
98%
L'île du destinSora
98%
Dingo
96%
Donald
96%
ColiséeHercule
95%
Château de DisneyMickey
95%
Riku
95%
Jungle ProfondeTarzan
95%
AgrabahAladdin
94%
La ville d'HalloweenJack
94%
Jasmine
94%
Kairi
94%
Minnie
94%
Foret des rêves bleusWinnie
94%
AtlanticaAriel
93%
Pays ImaginairePeter Pan
93%
Daisy
92%
MonstroPinocchio
89%
Jafar
88%
Aurore
87%
Génie
86%
Capitaine Crochet
85%
Cendrillon
85%
Hades
85%
Tigrou
84%
Belle
83%
Simba
83%
Tac
83%
Tic
83%
Geppetto
82%
Polochon
82%
Porcinet
82%
Ursula
82%
Jane
81%
Sébastien
81%
Léon
80%
Philoctète
79%
Pays des MerveillesReine de Cœur
78%
Princesses de CœurBlanche Neige
77%
Pluto
77%
Coco Lapin
76%
Wendy
75%
Bourriquet
73%
Cloud
73%
Fée Clochette
72%
Maléfique
72%
Roi Triton
68%
Cid
65%
Clayton
65%
Oogie Boogie
65%
Aerith
63%
Ansem
63%
Merlin
62%
Sally
62%
Abu
61%
Gram
61%
Stram
61%
Iago
60%
Tidus
57%
Lapin Blanc
56%
Petit Gourou
56%
Youffie
56%
Maitre Hibou
55%
Bambi
54%
Loulou
54%
Ville de TraverseRiri
53%
Wakka
53%
Fifi
52%
Monsieur Mouche
52%
Cerbère
50%
InvocationsDumbo
49%
Mushu
49%
Tapis
49%
Jetsam
47%
Selphie
46%
Zero
46%
Séphiroth
43%
Flotsam
41%
Jiminy Cricket
41%
Kerchak
41%
Chat de Cheshire
39%
Mog
39%
Maire
38%
AutresBête
33%
Perdita
32%
Pongo
32%
Sabor
31%
Tok
31%
Crocodile
28%
Marraine
27%
Arm
26%
Kala
26%
Poignée de Porte
18%
Finkelstein
17%

Distribution des résultats

Percentile par nombre de réponses

% des personnes avec chaque résultat

Votre développement - résultats

Vous n’avez pas pris ce quiz